| 000 | 00430nam a2200181Ia 4500 | ||
|---|---|---|---|
| 001 | 16331 | ||
| 005 | 20260306170301.0 | ||
| 008 | 260306t2009||||xx |||||||||||||| ||und|| | ||
| 041 | _aESP | ||
| 082 |
_a348.3 _bB38 |
||
| 100 |
_aBelaunde Moreyra, Martín _eAUT |
||
| 245 | 0 | _aDerecho minero y concesión | |
| 260 | _c2009 | ||
| 300 |
_a393 páginas : _c24 cm. |
||
| 650 | _aGEN | ||
| 654 | _aCDE | ||
| 942 |
_cLIB _dJUS _fJUS _2ddc _n |
||
| 999 |
_c16331 _d16331 |
||